=LDR 00000nam 2200000 4500 =001 INLIS000000000039188 =005 20130612144832 =008 ***********************************Ind** =035 ##$$0010-061300000039188 =041 ##$$a Ind =082 ##$$a 634.98 =090 ##$$a 634.98, Sir d =100 ##$$a Mansur, Irdika =245 ##$$a Kayu Jabon, Irdika Mansur, Faisal Danu Tuheteru =260 ##$$a 2011 $b Jakarta =300 ##$$a 123 Hlm, 23 Cm =850 ##$$a NBPNMAT =990 ##$$a 21196850/BPAP-NTB/2014 =990 ##$$a 0001/BPAP-NTB/2016